书目信息 |
| 书名: | Divided Government | |
| 作者: | Morris P. Fiorina. | |
| 分册号: | ||
| 分册名: | 出版地: | New York : |
|
| 出版社: | Macmillan Pub.Co | |
| 出版时间: | 1992. | |
| 页数: | 138 p. ; | |
| 开本: | 20cm. | |
| 丛书名: | ||
| 中图分类号: | ||
| 科图分类号: | ||
| 其他分类号: | D771.2 | |
| 主题词: | ||
| 电子资源: | ||
| 000 | 00397nam 2200145 a 4500 | |
| 001 | E0259010921 | |
| 005 | 2002050916233093 | |
| 008 | 020509s1992 00010 eng | |
| 020 | @a0-02-337760-7 :@cRMB 12.00. | |
| 040 | @aPFT@beng | |
| 090 | @aD771.2 | |
| 099 | @dD771.2@eF521 | |
| 245 | @aDivided Government / @cMorris P. Fiorina. | |
| 260 | @aNew York :@bMacmillan Pub.Co.,@c1992. | |
| 300 | @a138 p. ;@c20cm. | |
| Divided Government / / Morris P. Fiorina.-New York : : Macmillan Pub.Co., , 1992. |
| 138 p. ; ; 20cm. |
| ISBN 0-02-337760-7 :RMB 12.00. |
| ● |
| 相关链接 |
|
|
|
正题名:Divided Government
索取号:D771.2/F521
 
预约/预借
| 序号 | 登录号 | 条形码 | 馆藏地/架位号 | 状态 | 备注 |
| 1 | 03376 | 300033764 | 社科库509/509社科库 53排1列4层/ [索取号:D771.2/F521] | 在馆 |